RICS Regulatory Tribunal Practice Direction C (Record no. 122230)

MARC details
000 -LEADER
fixed length control field 01189nam a22002297a 4500
005 - DATE AND TIME OF LATEST TRANSACTION
control field 20251215124102.0
008 - FIXED-LENGTH DATA ELEMENTS--GENERAL INFORMATION
fixed length control field 251215s2024 xxk|||||o|||| 00| 0 eng d
041 ## - LANGUAGE CODE
Language code of text/sound track or separate title eng
110 ## - MAIN ENTRY--CORPORATE NAME
Corporate author Royal Institution of Chartered Surveyors
245 ## - TITLE STATEMENT
Title RICS Regulatory Tribunal Practice Direction C
Medium [Electronic resource]
250 ## - EDITION
Edition statement version 2
260 ## - PUBLICATION INFORMATION
Place of publication London,
Publisher Royal Institution of Chartered Surveyors,
Date 2024
300 ## - PHYSICAL DESCRIPTION
Physical description 4p.
490 ## - SERIES TITLE
Series statement RICS Regulation
500 ## - GENERAL NOTE
General note With effect from 24 March 2024. This replaces version 1 which was in effect from 24 December 2021 to 23 March 2024. This Practice Direction should be considered in conjunction with RICS Regulatory Tribunal Practice Direction (Version 2 with effect from 2 March 2020).
520 ## - ABSTRACT
Abstract This Practice Direction sets out the procedure that RICS Regulatory Tribunal (‘the Tribunal’) will operate in respect of remote and hybrid hearings<br/>
650 ## - KEYWORDS
Keywords PROFESSIONAL STANDARDS
651 ## - SUBJECT ADDED ENTRY--GEOGRAPHIC NAME
Geographic name International
710 ## - ADDED CORPORATE NAME
Added corporate author Royal Institution of Chartered Surveyors
856 ## - ONLINE RESOURCE
Uniform Resource Identifier <a href="https://www.rics.org/content/dam/ricsglobal/documents/regulation/Practice-direction-C_2024.pdf">https://www.rics.org/content/dam/ricsglobal/documents/regulation/Practice-direction-C_2024.pdf</a>
Public note Available free on RICS.org
942 ## - ADDED ENTRY ELEMENTS (KOHA)
Suppress in OPAC Do not suppress in OPAC
Holdings
Lost status Damaged status Not for loan Current library Shelving location Date acquired Total Checkouts Full call number Date last seen Price effective from Koha item type
      Virtual Online 15/12/2025   ONLINE PUBLICATION 15/12/2025 15/12/2025 Online material